000 00789nam a2200241 a 4500
005 20240924063939.0
008 991125s1988 mad 000 0 spa u
020 _a8471123207 (10 dígitos)
020 _a9788471123206 (13 dígitos)
035 _aUPN01000023090
049 _aCG
050 4 _aLB1028
_bG6.48
100 1 _aGoets, J. P.
245 1 0 _aEtnografía y diseño cualitativo en investigación educativa /
_cJ. P. Goets y M. D. LeCompte ; tr. Antonio Ballesteros.
260 _aMadrid :
_bMorata,
_c1988.
300 _a279 p.
440 0 _aPedagogía
590 _aBibliografía Básica (BGTQ)
590 _a(También localizas un ejemplar en el "Area de Reserva")
650 4 _aEducación
_xInvestigación
_94070
700 1 _aLeCompte, M. D.,
_ecoaut.
905 _aLibro
999 _c23090
_d23090